000 00527nam a22001697a 4500
003 OSt
005 20260422030736.0
008 260422b |||||||| |||| 00| 0 eng d
020 _a0-8442-1966-5
040 _aDWC-Main lib
_cOC
082 _aCirc. 700.2373 Eb16 1999
100 _aEberts, Marjorie
245 _aCareers for culture lovers and other artsy types/
_cMarjorie Eberts
260 _aIllinois :
_bVGM Career Horizons,
_cc1999.
650 _a1. Arts - Vocational guidance - U.S.
942 _2ddc
_cBK-CIRC
_hCirc.
_n0
999 _c9656
_d9656